000 00420nam a2200133Ia 4500
008 151001s9999||||xx |||||||||||||| ||und||
100 _aभा गो घाणेकर
245 _aआत्मनिवेदन आणि हिंदू विश्वविद्यालय दर्शन
250 _a3
260 _bकेशरी प्रकाशन
260 _c1972
300 _a511
365 _b18
999 _c958154
_d958151